The environmental design pocketbook / (Record no. 354042)

000 -LEADER
fixed length control field 02210nam a2200337 a 4500
001 - CONTROL NUMBER
control field ASIN1859463746
003 - CONTROL NUMBER IDENTIFIER
control field OSt
005 - DATE AND TIME OF LATEST TRANSACTION
control field 20180116192425.0
008 - FIXED-LENGTH DATA ELEMENTS--GENERAL INFORMATION
fixed length control field 150128s2012 xxu eng d
020 ## - INTERNATIONAL STANDARD BOOK NUMBER
International Standard Book Number 1859463746 (paperback)
Terms of availability $39.95
020 ## - INTERNATIONAL STANDARD BOOK NUMBER
International Standard Book Number 9781859463741
020 ## - INTERNATIONAL STANDARD BOOK NUMBER
International Standard Book Number 9781859463741 (paperback)
040 ## - CATALOGING SOURCE
Transcribing agency 0
050 04 - LIBRARY OF CONGRESS CALL NUMBER
Classification number NA2542.36
082 04 - DEWEY DECIMAL CLASSIFICATION NUMBER
Classification number 720.47
100 1# - MAIN ENTRY--PERSONAL NAME
Personal name Pelsmakers, Sofie.
9 (RLIN) 7922
245 14 - TITLE STATEMENT
Title The environmental design pocketbook /
Statement of responsibility, etc. Sofie Pelsmakers.
250 ## - EDITION STATEMENT
Edition statement Poc ed.
260 ## - PUBLICATION, DISTRIBUTION, ETC.
Place of publication, distribution, etc. London :
Name of publisher, distributor, etc. RIBA Publishing,
Date of publication, distribution, etc. 2012.
300 ## - PHYSICAL DESCRIPTION
Extent 412 p. ;
Dimensions 19 cm.
520 ## - SUMMARY, ETC.
Summary, etc. The Environmental Design Pocketbook places the information you need for sustainable, low-energy building design at your fingertips. Packed with diagrams, tools, and tips, it cuts through the complex mass of technical data and legislation that faces the designer, and distils all the key guidance into a single reference that is quick and easy to use. Pointing to the facts, figures, and performance data that are most important, it includes: Succinct guidance on all core sustainability topics Concise explanations and reference to the latest legislation and codes Invaluable checklists Handy tools that allow you to quickly estimate the values relevant to your design Design guidance, technology, building science, and best practice. Twelve sections guide the designer from the fundamentals through to the building details themselves. From future-proofing for a changing climate to rainwater harvesting, retrofit, and zero-carbon technologies – the Pocketbook has got it covered. Written for architects, as well as engineers, planners, clients and developers, this handy new pocketbook will help the professional designer to meet and exceed sustainable standards.
650 #0 - SUBJECT ADDED ENTRY--TOPICAL TERM
Topical term or geographic name entry element Architecture--Environmental aspects
9 (RLIN) 7923
650 #0 - SUBJECT ADDED ENTRY--TOPICAL TERM
Topical term or geographic name entry element City planning
9 (RLIN) 7924
650 #0 - SUBJECT ADDED ENTRY--TOPICAL TERM
Topical term or geographic name entry element Environmental management
9 (RLIN) 7925
650 #0 - SUBJECT ADDED ENTRY--TOPICAL TERM
Topical term or geographic name entry element Great Britain
9 (RLIN) 7926
650 #0 - SUBJECT ADDED ENTRY--TOPICAL TERM
Topical term or geographic name entry element Land use--Planning
9 (RLIN) 7927
650 #0 - SUBJECT ADDED ENTRY--TOPICAL TERM
Topical term or geographic name entry element Sustainable architecture
9 (RLIN) 7928
856 40 - ELECTRONIC LOCATION AND ACCESS
Materials specified Amazon.com
Uniform Resource Identifier <a href="http://www.amazon.com/exec/obidos/ASIN/1859463746/chopaconline-20">http://www.amazon.com/exec/obidos/ASIN/1859463746/chopaconline-20</a>
942 ## - ADDED ENTRY ELEMENTS (KOHA)
Source of classification or shelving scheme
Koha item type Book
Holdings
Withdrawn status Lost status Source of classification or shelving scheme Damaged status Not for loan Permanent Location Current Location Date acquired Total Checkouts Total Renewals Full call number Barcode Date last seen Date last checked out Copy number Price effective from Koha item type
          School of Art Design and Architecture (SADA) School of Art Design and Architecture (SADA) 01/26/2015 5 3 720.47 PEL 2012 SADA0002421 04/06/2026 02/04/2026 01 01/29/2015 Book
© 2023 Central Library, National University of Sciences and Technology. All Rights Reserved.